000 00564nam a2200205Ia 4500
001 21626
003 GE_BSU
008 181216s||||||||xx |||||||||||||| ||und||
040 _cGE_BSU
245 _aАгрохимия №9 Сентаябрь. 2017
245 _cГл. ред. В.Н. Кудеяров
260 _aМосква
260 _bНаука
260 _c2017
300 _a96 стр. 29см.
653 _aАгрохимия №9 Сентаябрь. 2017
653 _aПериодика
653 _aპერიოდიკა
942 _cCR
999 _c54561
_d54561